[Event "Pillsbury"]
[Site "Gatineau CAN"]
[Date "2026.02.03"]
[Round "4"]
[White "Scrieciu, Cristian"]
[Black "Collin, Achille"]
[Result "1-0"]
[WhiteElo "1717"]
[BlackElo "1495"]
[WhiteFideId "-1"]
[BlackFideId "-1"]
[PlyCount "111"]
[GameId "2274170420428816"]
[EventDate "2026.01.05"]
[EventType "swiss"]
[EventRounds "7"]
[EventCountry "CAN"]

1. e4 d6 2. d4 Nf6 3. Nc3 g6 4. Nf3 Bg7 5. Be2 O-O 6. O-O c6 7. Be3 Nbd7 8. Qd2 Qc7 9. h3 e5 10. dxe5 dxe5 11. Rfd1 Nb6 12. Qd6 Qxd6 13. Rxd6 Be6 14. b3 Rad8 15. Rad1 Rxd6 16. Rxd6 Nc8 17. Rd1 b6 18. a4 c5 19. Bb5 Ne7 20. a5 Rb8 21. axb6 axb6 22. Ng5 Bh6 23. Nxe6 Bxe3 24. fxe3 fxe6 25. Bc4 Nc6 26. Bxe6+ Kf8 27. Rf1 Kg7 28. Rd1 Nb4 29. Rd2 Ra8 30. Bc4 Ra1+ 31. Kh2 Na2 32. Nxa2 Rxa2 33. Bd5 Rb2 34. Kg3 b5 35. Kf3 h5 36. Re2 Nh7 37. Rd2 Ng5+ 38. Ke2 c4 39. bxc4 bxc4 40. c3 Rb6 41. h4 Nh7 42. Bxc4 Rc6 43. Kd3 Nf6 44. Bd5 Rc5 45. c4 Ra5 46. Rc2 Nd7 47. Rb2 Nc5+ 48. Kc3 Na4+ 49. Kb4 Nxb2 50. Kxa5 Kf6 51. c5 Ke7 52. Kb6 Na4+ 53. Kc6 Nc3 54. Kb7 Na4 55. c6 Nc5+ 56. Kc7 1-0

[Event "Pillsbury"]
[Site "Gatineau CAN"]
[Date "2026.02.03"]
[Round "4"]
[White "Thompson, Francis"]
[Black "Seguin, Hubert"]
[Result "1-0"]
[WhiteElo "1831"]
[BlackElo "1512"]
[WhiteFideId "-1"]
[BlackFideId "-1"]
[PlyCount "113"]
[GameId "2274170420437011"]
[EventDate "2026.01.05"]
[EventType "swiss"]
[EventRounds "7"]
[EventCountry "CAN"]

1. c4 c5 2. Nf3 Nf6 3. Nc3 Nc6 4. e3 g6 5. d4 cxd4 6. exd4 d5 7. cxd5 Nxd5 8. Bc4 Be6 9. Bb3 Bg7 10. O-O h6 11. Re1 O-O 12. Ne5 Nxe5 13. dxe5 Nxc3 14. bxc3 Qc7 15. Bxe6 fxe6 16. Qb3 Qc6 17. Ba3 Kf7 18. Rab1 b6 19. Qb4 Rfe8 20. Rbd1 Qc7 21. Qf4+ Kg8 22. Qg3 Kh7 23. h3 Rad8 24. Rd4 Rxd4 25. cxd4 Rf8 26. Qb3 Qd7 27. Qb4 Rf4 28. Bb2 Rf8 29. Rc1 Rd8 30. a4 Bf8 31. Rc4 Qd5 32. Qc3 Kg7 33. Bc1 Kh7 34. Be3 Bg7 35. Rc7 Rd7 36. Qc6 Qxc6 37. Rxc6 Bf8 38. a5 b5 39. a6 b4 40. Rc8 Kg7 41. Rb8 Rd5 42. Rxb4 Ra5 43. Rc4 Rxa6 44. g4 Ra5 45. Bd2 Rd5 46. Bb4 a5 47. Bc5 Kf7 48. Ra4 Bg7 49. Rxa5 Rd7 50. Ra7 Ke8 51. Kg2 Rxa7 52. Bxa7 Kd7 53. Kf3 Kc6 54. Ke4 Bf8 55. f4 Bg7 56. Bc5 Bf8 57. Ba3 1-0

[Event "Pillsbury"]
[Site "Gatineau CAN"]
[Date "2026.02.03"]
[Round "4"]
[White "Viel, Simon"]
[Black "Schaper, Grant"]
[Result "1/2-1/2"]
[WhiteElo "1464"]
[BlackElo "1356"]
[WhiteFideId "-1"]
[BlackFideId "-1"]
[PlyCount "124"]
[GameId "2274170420441108"]
[EventDate "2026.01.05"]
[EventType "swiss"]
[EventRounds "7"]
[EventCountry "CAN"]

1. e4 e6 2. Nf3 d5 3. Nc3 Nf6 4. e5 Nfd7 5. d4 a6 6. Bd3 c5 7. dxc5 Nxc5 8. O-O Nc6 9. Bf4 Be7 10. a3 Nxd3 11. Qxd3 Bd7 12. Rfe1 h6 13. b4 b5 14. Ne2 Qc7 15. Ned4 Nxd4 16. Nxd4 Qc4 17. Rab1 O-O 18. Re3 Qxd3 19. cxd3 Rfc8 20. Nb3 Rc3 21. d4 Rac8 22. Nc5 Rxe3 23. Bxe3 Bxc5 24. bxc5 a5 25. Bd2 Ra8 26. f4 Kf8 27. Kf2 Ke7 28. Kf3 Bc6 29. g4 Kd7 30. h4 Ke7 31. h5 Kf8 32. g5 Kg8 33. gxh6 gxh6 34. f5 Kh7 35. fxe6 fxe6 36. Rg1 Be8 37. Kg4 Ra7 38. Rf1 Rf7 39. Rf6 Rxf6 40. exf6 a4 41. Kh4 Bd7 42. f7 Kg7 43. Bxh6+ Kxf7 44. Bd2 Kf6 45. Kg4 e5+ 46. Kf3 exd4 47. Kf4 Bf5 48. c6 Bc8 49. c7 Bd7 50. h6 Bc8 51. h7 Kg7 52. Ke5 Kxh7 53. Kxd4 Kg6 54. Kxd5 Kf7 55. Kc5 Bd7 56. Kb6 Bc8 57. Kxb5 Bd7+ 58. Kb6 Bc8 59. Ka7 Ke8 60. Kb6 Kd7 61. Bf4 Ke8 62. Ka5 Bd7 1/2-1/2

[Event "Pillsbury"]
[Site "Gatineau CAN"]
[Date "2026.02.03"]
[Round "4"]
[White "Thibeault, Alain"]
[Black "Gagne, Learry"]
[Result "1-0"]
[WhiteElo "1166"]
[BlackElo "1297"]
[WhiteFideId "-1"]
[BlackFideId "-1"]
[PlyCount "101"]
[GameId "2274170420445205"]
[EventDate "2026.01.05"]
[EventType "swiss"]
[EventRounds "7"]
[EventCountry "CAN"]

1. e4 e5 2. Nf3 Nc6 3. Bb5 a6 4. Ba4 Nge7 5. O-O g6 6. Re1 Bg7 7. c3 b5 8. Bc2 d5 9. exd5 Nxd5 10. d4 Bg4 11. h3 Bxf3 12. Qxf3 O-O 13. Be4 Nce7 14. dxe5 c6 15. Bc2 Qd7 16. Nd2 Qe6 17. Qe4 f5 18. exf6 Qxe4 19. Nxe4 Nxf6 20. Bg5 Ned5 21. Bb3 Kh8 22. Nc5 Nc7 23. Rad1 Nfd5 24. Nd7 Rf5 25. h4 h6 26. Bc1 Rf7 27. Nc5 Raf8 28. f3 h5 29. Bc2 Kh7 30. Ne6 Nxe6 31. Rxe6 Rf6 32. Rde1 Nc7 33. Re7 Nd5 34. R7e6 Nc7 35. R6e5 Kg8 36. Bg5 Rd6 37. R5e2 Bf6 38. Bxf6 Rdxf6 39. Re7 Nd5 40. Re8 Rxe8 41. Rxe8+ Kg7 42. Re4 c5 43. Re5 Rc6 44. Rxd5 c4 45. Be4 Re6 46. Rd7+ Kf6 47. Rc7 Rb6 48. Rc6+ Rxc6 49. Bxc6 Ke5 50. Bb7 a5 51. Ba6 1-0

[Event "Pillsbury"]
[Site "Gatineau CAN"]
[Date "2026.01.27"]
[Round "3"]
[White "Blais, Robert"]
[Black "Thibeault, Alain"]
[Result "1-0"]
[WhiteElo "1241"]
[BlackElo "1166"]
[WhiteFideId "-1"]
[BlackFideId "-1"]
[PlyCount "71"]
[GameId "2274170420461594"]
[EventDate "2026.01.05"]
[EventType "swiss"]
[EventRounds "7"]
[EventCountry "CAN"]

1. c4 g6 2. d4 Nf6 3. Nc3 Bg7 4. g3 O-O 5. e4 d6 6. Nf3 c6 7. Bg2 Re8 8. O-O Nbd7 9. Re1 e5 10. d5 Nc5 11. b4 Ncd7 12. a4 Nb8 13. h3 Bd7 14. Be3 Rf8 15. Qd2 Ne8 16. Rad1 f5 17. Bg5 Bf6 18. Bh6 Bg7 19. Bxg7 Kxg7 20. exf5 Bxf5 21. Ne4 Bxh3 22. Bxh3 Rxf3 23. Ng5 Rf6 24. Ne6+ Rxe6 25. Bxe6 Na6 26. dxc6 bxc6 27. Rxe5 Qf6 28. Re3 Rd8 29. Rde1 Nec7 30. Bh3 Kf8 31. Bg2 d5 32. Rf3 Qxf3 33. Bxf3 Kg7 34. Qd4+ Kh6 35. Re7 Re8 36. Qh4# 1-0

[Event "Pillsbury"]
[Site "Gatineau CAN"]
[Date "2026.01.27"]
[Round "3"]
[White "Lattafi, Youcef"]
[Black "Azar, Sebastien"]
[Result "1/2-1/2"]
[WhiteElo "2104"]
[BlackElo "2148"]
[WhiteFideId "-1"]
[BlackFideId "-1"]
[PlyCount "36"]
[GameId "2274170420465692"]
[EventDate "2026.01.05"]
[EventType "swiss"]
[EventRounds "7"]
[EventCountry "CAN"]

1. e4 c5 2. Nf3 d6 3. Bb5+ Nd7 4. d4 cxd4 5. Nxd4 Ngf6 6. O-O a6 7. Bd3 g6 8. c4 Nc5 9. Nc3 Nxd3 10. Qxd3 Bg7 11. f3 O-O 12. Be3 Be6 13. b3 Rc8 14. Rfe1 Qa5 15. a4 Nd7 16. Nd5 Bxd5 17. exd5 Rfe8 18. Reb1 Kh8 1/2-1/2

[Event "Pillsbury"]
[Site "Gatineau CAN"]
[Date "2026.01.27"]
[Round "3"]
[White "Chenier, Raphael"]
[Black "Latreille, Etienne"]
[Result "0-1"]
[WhiteElo "1588"]
[BlackElo "1984"]
[WhiteFideId "-1"]
[BlackFideId "-1"]
[PlyCount "88"]
[GameId "2274170420469789"]
[EventDate "2026.01.05"]
[EventType "swiss"]
[EventRounds "7"]
[EventCountry "CAN"]

1. e4 c5 2. Nc3 Nc6 3. Bb5 Nd4 4. a4 a6 5. Bc4 g6 6. d3 Bg7 7. Nf3 d6 8. Nxd4 cxd4 9. Ne2 e6 10. O-O Ne7 11. Bb3 Nc6 12. f4 Qa5 13. Bd2 Qc5 14. Qe1 O-O 15. Ng3 Bd7 16. f5 Ne5 17. f6 Bh8 18. Ne2 Rfe8 19. Qg3 b5 20. axb5 Bxb5 21. Rf4 a5 22. Rxa5 Rxa5 23. Bxa5 Bxd3 24. cxd3 Qxa5 25. Rf1 Qb4 26. Nc1 Qd2 27. Qh4 Qxb2 28. Qg5 Qc3 29. h4 Qc5 30. g4 h6 31. Qf4 g5 32. hxg5 Ng6 33. Qg3 hxg5 34. Kg2 Nf4+ 35. Rxf4 gxf4 36. Qxf4 Qe5 37. Qh6 Qxf6 38. Qh5 Qg6 39. Qh3 Be5 40. Ne2 Kg7 41. Qf3 Rh8 42. Ng3 Bxg3 43. Qxg3 Qg5 44. Qf2 Qxg4+ 0-1

[Event "Pillsbury"]
[Site "Gatineau CAN"]
[Date "2026.01.27"]
[Round "3"]
[White "Piche, Danielle"]
[Black "Collin, Achille"]
[Result "0-1"]
[WhiteElo "881"]
[BlackElo "1495"]
[WhiteFideId "-1"]
[BlackFideId "-1"]
[PlyCount "76"]
[GameId "2274170420473887"]
[EventDate "2026.01.05"]
[EventType "swiss"]
[EventRounds "7"]
[EventCountry "CAN"]

1. e4 d6 2. d4 Nf6 3. Bd3 g6 4. Nf3 Bg7 5. Be3 Bg4 6. Nbd2 O-O 7. h3 Bxf3 8. Nxf3 Nc6 9. O-O e5 10. d5 Ne7 11. c4 Nd7 12. b4 f5 13. Ng5 Qc8 14. Ne6 Rf7 15. Nxg7 Kxg7 16. g3 Nf6 17. Qc1 fxe4 18. Bh6+ Kg8 19. Bc2 Qxh3 20. Qg5 Ng4 21. Qh4 Qxh4 22. gxh4 Nxh6 23. Bxe4 Rf4 24. f3 Rxh4 25. Rf2 Rf8 26. Raf1 Rff4 27. Rg2 Nhf5 28. Rg4 Rhxg4+ 29. fxg4 Rxg4+ 30. Bg2 Ne3 31. Kf2 Nxg2 32. Kf3 Rg5 33. Rg1 Nh4+ 34. Kf2 Rxg1 35. Kxg1 g5 36. Kf2 Nef5 37. Kg1 g4 38. Kh2 g3+ 0-1

[Event "Pillsbury"]
[Site "Gatineau CAN"]
[Date "2026.01.13"]
[Round "2"]
[White "Latreille, Etienne"]
[Black "Tsanov, Denise"]
[Result "1-0"]
[WhiteElo "1984"]
[BlackElo "1402"]
[WhiteFideId "-1"]
[BlackFideId "-1"]
[PlyCount "73"]
[GameId "2274170420482081"]
[EventDate "2026.01.05"]
[EventType "swiss"]
[EventRounds "7"]
[EventCountry "CAN"]

1. e4 c5 2. Nf3 Nc6 3. Bb5 g6 4. O-O Bg7 5. c3 d6 6. Re1 Bd7 7. d4 cxd4 8. cxd4 a6 9. Bxc6 Bxc6 10. Nc3 Nf6 11. Qb3 d5 12. e5 Ng4 13. e6 fxe6 14. h3 Nh6 15. Ng5 Qd7 16. Nxe6 Kf7 17. Bf4 Rhc8 18. Qa3 Nf5 19. Nxg7 Nxg7 20. Be5 e6 21. Ne2 Re8 22. Nf4 Rad8 23. Rac1 Nf5 24. Qf3 Kg8 25. Rc3 Qf7 26. Qg4 Kf8 27. h4 Ke7 28. Bc7 Rc8 29. Rxe6+ Kd7 30. Rxe8 Rxe8 31. Be5 Rg8 32. Nd3 Qe7 33. g3 Kd8 34. Nc5 Nh6 35. Qf4 g5 36. hxg5 Rf8 37. Bf6 1-0

[Event "Pillsbury"]
[Site "Gatineau CAN"]
[Date "2026.02.10"]
[Round "5"]
[White "Brault, Jean-Francois"]
[Black "Bergeron-Collin, Laurent"]
[Result "1-0"]
[WhiteElo "1533"]
[BlackElo "1292"]
[WhiteFideId "-1"]
[BlackFideId "-1"]
[PlyCount "129"]
[GameId "2276706194694155"]
[EventDate "2026.01.05"]
[EventType "swiss"]
[EventRounds "7"]
[EventCountry "CAN"]
[TimeControl "90+30"]

1. e4 c6 2. Nf3 d5 3. exd5 cxd5 4. d4 Bg4 5. c3 e6 6. Bf4 Ne7 7. Nbd2 Nbc6 8. Qc2 g6 9. Bb5 Bg7 10. Ne5 Bf5 11. Qa4 O-O 12. Nxc6 bxc6 13. Bxc6 Nxc6 14. Qxc6 Bd3 15. Nf3 Qf6 16. Be3 Qf5 17. Qd6 Bc4 18. b3 Rab8 19. Qa3 Bd3 20. Qb2 Rfc8 21. Rc1 Qe4 22. Qd2 a5 23. h3 Bf8 24. Rg1 Bd6 25. Ng5 Qf5 26. g4 Qf6 27. Qxd3 h6 28. Nxf7 Kxf7 29. Bxh6 g5 30. Qh7+ Ke8 31. Qg8+ Kd7 32. Qg7+ Be7 33. Qxf6 Bxf6 34. f4 gxf4 35. Bxf4 Bh4+ 36. Ke2 Rf8 37. Rgf1 Rbe8 38. Be5 Rxf1 39. Rxf1 Ke7 40. Rf3 Bg5 41. Kd3 Kd7 42. c4 Kc6 43. c5 Re7 44. a4 Rb7 45. Kc2 Rh7 46. Bd6 Rb7 47. Rf8 Rb4 48. Be5 Be3 49. Rb8 Rxb8 50. Bxb8 Bxd4 51. Ba7 Kb7 52. Bb6 e5 53. Bxa5 e4 54. Bc3 Bxc5 55. Kd2 Be7 56. Bd4 Bb4+ 57. Ke3 Kc6 58. g5 Ba3 59. g6 Bc1+ 60. Ke2 Bh6 61. b4 Kd6 62. b5 Ke6 63. h4 Kf5 64. h5 Kg4 65. g7 1-0

[Event "Pillsbury"]
[Site "Gatineau CAN"]
[Date "2026.02.10"]
[Round "5"]
[White "Chenier, Raphael"]
[Black "Gagne, Raphael"]
[Result "1-0"]
[WhiteElo "1588"]
[BlackElo "1483"]
[WhiteFideId "-1"]
[BlackFideId "-1"]
[PlyCount "65"]
[GameId "2276706194714637"]
[EventDate "2026.01.05"]
[EventType "swiss"]
[EventRounds "7"]
[EventCountry "CAN"]

1. e4 c5 2. Nc3 Nc6 3. Bb5 Nd4 4. a4 g6 5. d3 Bg7 6. Nf3 a6 7. Bc4 d6 8. Nxd4 cxd4 9. Ne2 e5 10. O-O Ne7 11. f4 O-O 12. Ng3 Kh8 13. fxe5 dxe5 14. Rxf7 Rxf7 15. Bxf7 Qb6 16. Qe2 Bd7 17. a5 Qb4 18. Bb3 Qc5 19. Bd2 Nc6 20. Kh1 Rf8 21. Bc4 h5 22. Nxh5 Be8 23. Nxg7 Kxg7 24. Qe1 Bf7 25. b4 Qe7 26. b5 axb5 27. Bxb5 Qf6 28. Bxc6 Qxc6 29. Qh4 Kg8 30. Bg5 Be8 31. h3 Bd7 32. Rb1 Qxc2 33. Rxb7 1-0

[Event "Pillsbury"]
[Site "Gatineau CAN"]
[Date "2026.02.10"]
[Round "5"]
[White "Thibeault, Alain"]
[Black "St-Amour, Mathieu"]
[Result "0-1"]
[WhiteElo "1166"]
[BlackElo "1360"]
[WhiteFideId "-1"]
[BlackFideId "-1"]
[PlyCount "42"]
[GameId "2276706194956305"]
[EventDate "2026.01.05"]
[EventType "swiss"]
[EventRounds "7"]
[EventCountry "CAN"]
[TimeControl "90+30"]

1. e4 c5 2. Nc3 e6 3. f4 d5 4. e5 d4 5. Nce2 Nc6 6. d3 Nge7 7. c3 Nf5 8. Nf3 Be7 9. b4 cxb4 10. cxd4 Ncxd4 11. Nexd4 Nxd4 12. Bb2 Nxf3+ 13. Qxf3 O-O 14. Be2 Qb6 15. d4 Bd7 16. O-O Bc6 17. Qf2 Rac8 18. Bf3 Bxf3 19. Qxf3 Rc2 20. Qb3 Qc6 21. Rac1 Qxg2# 0-1

[Event "Pillsbury"]
[Site "Gatineau CAN"]
[Date "2026.02.10"]
[Round "5"]
[White "Schaper, Grant"]
[Black "Tsanov, Denise"]
[Result "0-1"]
[WhiteElo "1356"]
[BlackElo "1402"]
[WhiteFideId "-1"]
[BlackFideId "-1"]
[PlyCount "94"]
[GameId "2276706194956306"]
[EventDate "2026.01.05"]
[EventType "swiss"]
[EventRounds "7"]
[EventCountry "CAN"]

1. d4 g6 2. Nf3 Bg7 3. Bf4 c5 4. e3 Qb6 5. b3 Nc6 6. c3 Nf6 7. Bc4 d5 8. Bd3 c4 9. Bc2 Nh5 10. Bg3 Nxg3 11. hxg3 Qa5 12. b4 Qb6 13. a4 Bg4 14. a5 Qc7 15. Nbd2 b6 16. axb6 Qxb6 17. Ba4 O-O 18. Qb1 Rfb8 19. Nh2 Bd7 20. O-O a5 21. bxa5 Qxa5 22. Qc2 Nxd4 23. exd4 Bxa4 24. Qc1 Qc7 25. Nhf3 Bd7 26. Re1 Bf5 27. Rxa8 Rxa8 28. Qb2 e6 29. Ra1 Rxa1+ 30. Qxa1 h5 31. Qa6 Qb8 32. Ng5 Bh6 33. Ndf3 Kg7 34. Qc6 Qb1+ 35. Kh2 Qc1 36. Nxf7 Kxf7 37. Qd7+ Kg8 38. Ne5 Bg7 39. Qf7+ Kh7 40. Nd7 Kh6 41. f4 Qxc3 42. Nf6 Qxd4 43. Ng8+ Kh7 44. Ne7 Qf6 45. Qg8+ Kh6 46. Qe8 Qf8 47. Ng8+ Kh7 0-1

[Event "Pillsbury"]
[Site "Gatineau CAN"]
[Date "2026.02.03"]
[Round "4"]
[White "Filion, Yves"]
[Black "Blais, Robert"]
[Result "1/2-1/2"]
[WhiteElo "1436"]
[BlackElo "1241"]
[WhiteFideId "-1"]
[BlackFideId "-1"]
[PlyCount "64"]
[GameId "2276706194956307"]
[EventDate "2026.01.05"]
[EventType "swiss"]
[EventRounds "7"]
[EventCountry "CAN"]

1. e4 e5 2. Nc3 d6 3. Nf3 Be7 4. h3 Nf6 5. Bc4 O-O 6. d3 a6 7. Bg5 h6 8. Be3 b5 9. Bb3 c6 10. Qd2 a5 11. a3 Qc7 12. O-O Nbd7 13. Nh4 Nxe4 14. dxe4 Bxh4 15. Rad1 Be7 16. f4 Nf6 17. f5 b4 18. axb4 axb4 19. Ne2 Nxe4 20. Qxb4 d5 21. Qe1 Ba6 22. Rf3 Bxe2 23. Qxe2 Bc5 24. Bxc5 Nxc5 25. f6 g6 26. Qe3 Nd7 27. Qxh6 Qb6+ 28. Kh2 e4 29. Bxd5 Qc7+ 30. Qf4 Qxf4+ 31. Rxf4 cxd5 32. Rxd5 Rfe8 1/2-1/2

[Event "Pillsbury"]
[Site "Gatineau CAN"]
[Date "2026.02.03"]
[Round "4"]
[White "Tsanov, Denise"]
[Black "Chenier, Raphael"]
[Result "0-1"]
[WhiteElo "1402"]
[BlackElo "1588"]
[WhiteFideId "-1"]
[BlackFideId "-1"]
[PlyCount "48"]
[GameId "2276706194997270"]
[EventDate "2026.01.05"]
[EventType "swiss"]
[EventRounds "7"]
[EventCountry "CAN"]
[TimeControl "90+30"]

1. e4 c5 2. Nc3 d6 3. f4 g6 4. Nf3 Bg7 5. Bb5+ Bd7 6. Bxd7+ Qxd7 7. d3 Nc6 8. O-O f5 9. Qe1 Nf6 10. exf5 gxf5 11. Qf2 Nd4 12. h3 Nxf3+ 13. Qxf3 h5 14. Nd5 O-O-O 15. Re1 e6 16. Nxf6 Bxf6 17. c3 Rdg8 18. Be3 h4 19. Bf2 Rg6 20. Kh1 Rhg8 21. Rg1 e5 22. fxe5 dxe5 23. Bxc5 Rg3 24. Qe2 Qd5 0-1

[Event "Pillsbury"]
[Site "Gatineau CAN"]
[Date "2026.02.03"]
[Round "4"]
[White "Azar, Sebastien"]
[Black "Zebaze, Dylane"]
[Result "1-0"]
[WhiteElo "2148"]
[BlackElo "1912"]
[WhiteFideId "-1"]
[BlackFideId "-1"]
[PlyCount "70"]
[GameId "2276706194997271"]
[EventDate "2026.01.05"]
[EventType "swiss"]
[EventRounds "7"]
[EventCountry "CAN"]
[TimeControl "90+30"]

1. e4 e6 2. d4 d5 3. Nc3 Nf6 4. Bg5 dxe4 5. Nxe4 Nbd7 6. Nf3 Be7 7. Nxf6+ Nxf6 8. Bd3 h6 9. Bxf6 Bxf6 10. c3 O-O 11. Qe2 Qd5 12. O-O Rb8 13. a4 a5 14. Rfe1 Rd8 15. Rad1 Bd7 16. c4 Qh5 17. Qe4 Bxa4 18. Ra1 Bd7 19. g4 Qh3 20. Bf1 Bc6 21. Bxh3 Bxe4 22. Rxe4 c5 23. dxc5 Bxb2 24. Rxa5 Rd1+ 25. Kg2 Rc8 26. g5 hxg5 27. Rxe6 Rcd8 28. Rd6 R1xd6 29. cxd6 Rxd6 30. Nxg5 Bf6 31. Ra8+ Bd8 32. c5 Rd3 33. Bf5 Rd5 34. Ne6 Rxf5 35. Nxd8 Kf8 1-0

[Event "Pillsbury"]
[Site "Gatineau CAN"]
[Date "2026.02.03"]
[Round "4"]
[White "Rioux, Jocelyn"]
[Black "Arsenault, Michel"]
[Result "0-1"]
[WhiteElo "1498"]
[BlackElo "1666"]
[WhiteFideId "-1"]
[BlackFideId "-1"]
[PlyCount "74"]
[GameId "2276706194997273"]
[EventDate "2026.01.05"]
[EventType "swiss"]
[EventRounds "7"]
[EventCountry "CAN"]

1. d4 Nf6 2. Bf4 e6 3. e3 d5 4. Nf3 Bd6 5. Bg3 c5 6. c3 Nc6 7. Be2 O-O 8. Nbd2 b6 9. Ne5 Bb7 10. h4 Qc7 11. f4 a5 12. h5 Ne4 13. Bf2 Nxf2 14. Kxf2 f6 15. Ng6 Rf7 16. Qg1 e5 17. g3 cxd4 18. cxd4 exd4 19. exd4 Nxd4 20. Bd3 Nc2 21. Qd1 Qc5+ 22. Kf3 Qe3+ 23. Kg4 Qxd3 24. Nf1 Qxd1+ 25. Rxd1 hxg6 26. hxg6 Re7 27. Rh2 Rc8 28. Rdd2 Ne3+ 29. Nxe3 Rxe3 30. Rh7 Kf8 31. Rdh2 Rce8 32. Rh8+ Ke7 33. R8h7 Rg8 34. Rh8 f5+ 35. Kxf5 Bc8+ 36. Kg5 Rxg3+ 37. Kh4 Rg4+ 0-1

[Event "Pillsbury"]
[Site "Gatineau CAN"]
[Date "2026.02.03"]
[Round "4"]
[White "Latreille, Etienne"]
[Black "Lattafi, Youcef"]
[Result "0-1"]
[WhiteElo "1984"]
[BlackElo "2104"]
[WhiteFideId "-1"]
[BlackFideId "-1"]
[PlyCount "54"]
[GameId "2276706195021851"]
[EventDate "2026.01.05"]
[EventType "swiss"]
[EventRounds "7"]
[EventCountry "CAN"]

1. e4 c5 2. Nf3 e6 3. g3 Nc6 4. Bg2 Nf6 5. Qe2 e5 6. c3 Be7 7. d4 cxd4 8. cxd4 d6 9. h3 O-O 10. O-O exd4 11. Nbd2 Be6 12. Nb3 Bxb3 13. axb3 Nd7 14. Rd1 Bf6 15. b4 Nde5 16. Ne1 Qb6 17. b5 Nb4 18. f4 Nd7 19. Qc4 d3+ 20. Kh2 Qc5 21. Qb3 Nc2 22. Nxc2 dxc2 23. Rd2 Rac8 24. e5 Bd8 25. Rxd6 Bb6 26. Bd2 Rc7 27. Bc3 Qg1+ 0-1

[Event "Pillsbury"]
[Site "Gatineau CAN"]
[Date "2026.02.03"]
[Round "4"]
[White "Masse-Garneau, Antony"]
[Black "Brault, Jean-Francois"]
[Result "1-0"]
[WhiteElo "1762"]
[BlackElo "1533"]
[WhiteFideId "-1"]
[BlackFideId "-1"]
[PlyCount "51"]
[GameId "2276706195021852"]
[EventDate "2026.01.05"]
[EventType "swiss"]
[EventRounds "7"]
[EventCountry "CAN"]
[TimeControl "90+30"]

1. d4 d5 2. c4 c5 3. cxd5 Qxd5 4. Nf3 cxd4 5. Nc3 Qa5 6. Nxd4 g6 7. e3 Bg7 8. Bc4 Bd7 9. Qb3 Bxd4 10. Bxf7+ Kd8 11. exd4 Nf6 12. O-O Nc6 13. Be3 b6 14. Rad1 Qf5 15. Rfe1 Rf8 16. Bh6 Na5 17. Bxf8 Nxb3 18. Bxe7+ Kc7 19. Bxf6 Rf8 20. Be5+ Kb7 21. Bxb3 Qxf2+ 22. Kh1 Qxb2 23. Ne4 Bc6 24. Nd6+ Ka6 25. d5 Qf2 26. dxc6 1-0

[Event "Pillsbury"]
[Site "Gatineau CAN"]
[Date "2026.02.03"]
[Round "4"]
[White "Desroches, Maxime"]
[Black "Filion, Samuel"]
[Result "1/2-1/2"]
[WhiteElo "1529"]
[BlackElo "1854"]
[WhiteFideId "-1"]
[BlackFideId "-1"]
[PlyCount "61"]
[GameId "2276706195021853"]
[EventDate "2026.01.05"]
[EventType "swiss"]
[EventRounds "7"]
[EventCountry "CAN"]

1. e4 e5 2. Nf3 Nc6 3. d4 exd4 4. Nxd4 Nf6 5. Nxc6 bxc6 6. e5 Qe7 7. Qe2 Nd5 8. c4 Nb6 9. Nd2 d6 10. exd6 Qxe2+ 11. Bxe2 cxd6 12. Bf3 Bd7 13. b3 O-O-O 14. O-O g5 15. Bb2 Rg8 16. g3 Bg7 17. Bxg7 Rxg7 18. Ne4 Bh3 19. Rfd1 Kc7 20. c5 Nc8 21. cxd6+ Nxd6 22. Nxd6 Rxd6 23. Rxd6 Kxd6 24. Rc1 Bd7 25. Kf1 f5 26. Re1 Re7 27. Rxe7 Kxe7 28. Ke2 c5 29. Ke3 Kd6 30. Be2 Ke5 31. f4+ 1/2-1/2

[Event "Pillsbury"]
[Site "Gatineau CAN"]
[Date "2026.02.03"]
[Round "4"]
[White "St-Amour, Mathieu"]
[Black "Gagne, Raphael"]
[Result "0-1"]
[WhiteElo "1360"]
[BlackElo "1483"]
[WhiteFideId "-1"]
[BlackFideId "-1"]
[PlyCount "55"]
[GameId "2276706195038239"]
[EventDate "2026.01.05"]
[EventType "swiss"]
[EventRounds "7"]
[EventCountry "CAN"]

1. Nf3 d5 2. e3 Nf6 3. c4 e6 4. Nc3 a6 5. b3 c5 6. cxd5 exd5 7. d4 Nc6 8. Bb2 Bf5 9. Bd3 Bg6 10. Bxg6 hxg6 11. Qc2 cxd4 12. exd4 Bd6 13. O-O Qc7 14. Rfe1+ Ne7 15. Ne5 O-O 16. Qe2 Nf5 17. Qd3 Rfe8 18. Rac1 Qa5 19. g4 Ne7 20. Qf3 Rf8 21. Re2 Rac8 22. Kg2 b5 23. g5 Nf5 24. Qd3 Nh5 25. Nxd5 b4 26. Qe4 Qxd5 27. Qxd5 Nf4+ 28. Kg1 0-1

[Event "Pillsbury"]
[Site "Gatineau CAN"]
[Date "2026.02.10"]
[Round "5"]
[White "Collin, Achille"]
[Black "Rhayem, Haythem"]
[Result "1-0"]
[WhiteElo "1495"]
[BlackElo "1511"]
[WhiteFideId "-1"]
[BlackFideId "-1"]
[PlyCount "81"]
[GameId "2278663643939763"]
[EventDate "2026.01.05"]
[EventType "swiss"]
[EventRounds "7"]
[EventCountry "CAN"]

1. d4 c6 2. Nf3 d5 3. Bf4 Nf6 4. e3 Bf5 5. c4 Nbd7 6. Nc3 e6 7. h3 h6 8. Bd3 Bxd3 9. Qxd3 Be7 10. O-O O-O 11. c5 a5 12. a3 b5 13. b4 Ne8 14. Rfc1 f5 15. Nxb5 axb4 16. Nd6 Bxd6 17. cxd6 Qb6 18. axb4 Nef6 19. Rxa8 Rxa8 20. Qc3 Rb8 21. Qxc6 Qxb4 22. Ne5 Rd8 23. Qc7 Qb8 24. Nc6 Qxc7 25. dxc7 Ra8 26. Ne7+ Kf7 27. c8=Q Rxc8 28. Nxc8 g5 29. Be5 Ne8 30. Nd6+ Nxd6 31. Bxd6 Nb6 32. Rc7+ Kg6 33. g4 Nc4 34. Be5 h5 35. gxh5+ Kxh5 36. Rc6 Kh4 37. Kg2 g4 38. hxg4 fxg4 39. Rxe6 Nd2 40. Bf4 Kh5 41. Rh6# 1-0

[Event "Pillsbury"]
[Site "Gatineau CAN"]
[Date "2026.02.10"]
[Round "5"]
[White "Lattafi, Youcef"]
[Black "Desroches, Maxime"]
[Result "1-0"]
[WhiteElo "2104"]
[BlackElo "1529"]
[WhiteFideId "-1"]
[BlackFideId "-1"]
[PlyCount "65"]
[GameId "2278663644029884"]
[EventDate "2026.01.05"]
[EventType "swiss"]
[EventRounds "7"]
[EventCountry "CAN"]
[BlackTeam "CA"]

1. e4 e5 2. Nf3 Nc6 3. Bb5 Nf6 4. O-O Nxe4 5. d4 Nd6 6. Bxc6 dxc6 7. dxe5 Nf5 8. Qxd8+ Kxd8 9. Nc3 Be7 10. Bg5 h5 11. Ne4 b6 12. Rfd1+ Ke8 13. Rd2 Be6 14. b3 Bd5 15. Bxe7 Kxe7 16. Neg5 Rad8 17. Rad1 Bxf3 18. Nxf3 Rxd2 19. Rxd2 Rd8 20. Rxd8 Kxd8 21. Kf1 c5 22. Ke2 Nd4+ 23. Nxd4 cxd4 24. Kd3 c5 25. Ke4 Ke7 26. Kd5 g6 27. f4 Kd7 28. g3 Ke7 29. h3 f5 30. h4 Kd7 31. a3 a5 32. a4 Ke7 33. Kc6 1-0

[Event "Pillsbury"]
[Site "Gatineau CAN"]
[Date "2026.02.03"]
[Round "4"]
[White "Rhayem, Haythem"]
[Black "Desjardins, Michel"]
[Result "0-1"]
[WhiteElo "1511"]
[BlackElo "1814"]
[WhiteFideId "-1"]
[BlackFideId "-1"]
[PlyCount "56"]
[GameId "2278663644263366"]
[EventDate "2026.01.05"]
[EventType "swiss"]
[EventRounds "7"]
[EventCountry "CAN"]

1. c4 c6 2. g3 d5 3. Bg2 e5 4. b3 Nf6 5. Nf3 Bd6 6. Bb2 Qe7 7. cxd5 cxd5 8. Nc3 Nc6 9. Nb5 Bc5 10. O-O a6 11. d4 e4 12. dxc5 axb5 13. Nd4 Qxc5 14. Qd2 h6 15. Rfc1 Qb6 16. Nxc6 bxc6 17. Qf4 Ke7 18. Rxc6 Qxc6 19. Rc1 Qd6 20. Be5 Qe6 21. Bh3 Qxh3 22. Rc7+ Bd7 23. Qc1 Rhc8 24. Qc5+ Ke8 25. Bxf6 gxf6 26. Qxd5 Rxc7 27. Qxa8+ Rc8 28. Qxe4+ Qe6 0-1